|
LDR
| 01594nam a2200421 a 4500 |
|---|
| 001 | 16212 |
|---|
| 003 | CZ-PrJAB |
|---|
| 005 | 20200321082727.0 |
|---|
| 007 | ta |
|---|
| 008 | 080627s2004 xr |||||||||||||0|||cze |
|---|
| 015 | | . |
‡acnb001490030 |
|---|
| 020 | | . |
‡a80-7225-144-9 (brož.) :
‡cKč 149,00 |
|---|
| 035 | | . |
‡a(CONS)16212 |
|---|
| 035 | | . |
‡a(CZ PrSKC)000639867 |
|---|
| 040 | | . |
‡aKLG001
‡bcze
‡dHKA001 |
|---|
| 072 | | 7. |
‡a376
‡xVýchova a vzdělávání zvláštních skupin osob
‡2Konspekt
‡922 |
|---|
| 080 | | . |
‡a616.89-008.45
‡2MRF |
|---|
| 080 | | . |
‡a316.344.6-056.36-053.2
‡2MRF |
|---|
| 100 | 1 | . |
‡aSroková, Eva
‡7mzk2004249143
‡4aut |
|---|
| 245 | 1 | 0. |
‡aAutismus ve školní praxi /
‡c[autoři Eva Sroková, Pavla Olšáková] |
|---|
| 260 | | . |
‡aOstrava :
‡bMontanex,
‡c2004 |
|---|
| 300 | | . |
‡a47 s. :
‡bil. ;
‡c30 cm |
|---|
| 490 | 1 | . |
‡aZe zkušeností pedagogů speciálních škol a zařízení |
|---|
| 504 | | . |
‡aObsahuje bibliografii |
|---|
| 650 | 0 | 7. |
‡aautismus
‡7ph118685
‡2czenas |
|---|
| 650 | 0 | 7. |
‡aautistické děti
‡7ph114095
‡2czenas |
|---|
| 650 | 0 | 7. |
‡avýchova a vzdělávání
‡7ph127419
‡2czenas |
|---|
| 650 | 0 | 7. |
‡aspeciální pedagogika
‡7ph116230
‡2czenas |
|---|
| 653 | 0 | . |
‡aškola |
|---|
| 653 | 0 | . |
‡aautismus
‡aděti postižené
‡avýchova školní
‡avzdělávání
‡apedagogika speciální |
|---|
| 655 | | 7. |
‡ainformační publikace
‡7fd132454
‡2czenas |
|---|
| 700 | 1 | . |
‡aOlšáková, Pavla
‡7xx0035692
‡4aut |
|---|
| 830 | | 0. |
‡aZe zkušeností pedagogů speciálních škol a zařízení |
|---|
| 910 | | . |
‡aABG312 |
|---|
| 995 | | . |
‡aska |
|---|
| 901 | | . |
‡a16212
‡bCZ-PrJAB
‡c16212
‡tbiblio |
|---|